000 00496nam a2200193Ia 4500
005 20260429112053.0
008 260429s9999||||xx |||||||||||||| ||und||
020 _a9781836593140
041 _aEnglish
082 _a617.102
_bRAM
100 _aRamirez, Andrea
245 0 _aSports medicine /
_cAndrea Ramirez
250 _a1st ed.
260 _aLondon :
_bETP ED- Tech Press,
_c2025.
300 _ax, 243 p.; hb
650 _a Athletic health
650 _aSports medicine
942 _cTB
999 _c52192
_d52192